An Introduction to Global Financial Markets (Record no. 9299)

MARC details
000 -LEADER
fixed length control field 00917cam a22002894a 4500
001 - CONTROL NUMBER
control field 16397408
003 - CONTROL NUMBER IDENTIFIER
control field OSt
005 - DATE AND TIME OF LATEST TRANSACTION
control field 20260226104715.0
008 - FIXED-LENGTH DATA ELEMENTS--GENERAL INFORMATION
fixed length control field 100811s2010 enka b 001 0 eng
010 ## - LIBRARY OF CONGRESS CONTROL NUMBER
LC control number 2010483037
020 ## - INTERNATIONAL STANDARD BOOK NUMBER
International Standard Book Number 9780230243095
040 ## - CATALOGING SOURCE
Original cataloging agency MUST LIB
Transcribing agency MUST
Modifying agency MUST
043 ## - GEOGRAPHIC AREA CODE
Geographic area code e------
-- n-us---
-- a-ja---
050 00 - LIBRARY OF CONGRESS CALL NUMBER
Classification number HG173
Item number .V184 2010
082 00 - DEWEY DECIMAL CLASSIFICATION NUMBER
Classification number 332.1 VAL 2010
Edition number 22
100 1# - MAIN ENTRY--PERSONAL NAME
Personal name Valdez, Stephen; Molyneux, Philip.
9 (RLIN) 19008
245 13 - TITLE STATEMENT
Title An Introduction to Global Financial Markets
250 ## - EDITION STATEMENT
Edition statement 6th ed.
260 ## - PUBLICATION, DISTRIBUTION, ETC. (IMPRINT)
Place of publication, distribution, etc. Houndmills;
Name of publisher, distributor, etc. Palgrave Macmillan,
Date of publication, distribution, etc. 2010.
300 ## - PHYSICAL DESCRIPTION
Extent xxvi, 502 p. :
Other physical details ill. ;
Dimensions 24 cm.
504 ## - BIBLIOGRAPHY, ETC. NOTE
Bibliography, etc Includes bibliographical references and index.
650 #0 - SUBJECT ADDED ENTRY--TOPICAL TERM
Topical term or geographic name as entry element Financial market
9 (RLIN) 5401
650 #0 - SUBJECT ADDED ENTRY--TOPICAL TERM
Topical term or geographic name as entry element Financial institutions
9 (RLIN) 19013
906 ## - LOCAL DATA ELEMENT F, LDF (RLIN)
a 7
b cbc
c origcop
d 2
e ncip
f 20
g y-gencatlg
942 ## - ADDED ENTRY ELEMENTS (KOHA)
Source of classification or shelving scheme Dewey Decimal Classification
Koha item type Open Shelf
Holdings
Withdrawn status Lost status Source of classification or shelving scheme Damaged status Not for loan Home library Current library Date acquired Source of acquisition Inventory number Total Checkouts Full call number Barcode Date last seen Koha item type
    Dewey Decimal Classification     MUST Main Library MUST Main Library 24/07/2024 Donation 14/38512   332.1 VAL 2010 2024-22203 24/07/2024 Open Shelf